| 000 | 00854nam a22002297a 4500 | ||
|---|---|---|---|
| 999 |
_c5310 _d5310 |
||
| 003 | AR-CdUCM | ||
| 008 | 190312b ||||| |||| 00| 0 spa d | ||
| 040 |
_aMUNICIPALIDAD PROVINCIAL DEL CUSCO _cBIBLIOTECA MUNICIPAL DEL CUSCO |
||
| 082 |
_a321.8 / _bM42 |
||
| 100 |
_aMendes de Almeida, Candido Antonio _916048 |
||
| 245 | _aNacionalismo e desenvolvimiento / | ||
| 260 |
_aRio de Janeiro : _bInstituto Brasileiro de estudios Afro-Asiáticos, _c1963. |
||
| 300 |
_a398 páginas ; _c21 cm. |
||
| 500 | _aDonación. tiene dedicatoria. | ||
| 505 | _aEl mundo periférico -- Colonia y proletariado histórico -- Estructura colonial -- Estructura definida -- Culturas de desenvolvimiento... | ||
| 650 |
_aNacionalismo. _92901 |
||
| 650 |
_aHistoria. _9136 |
||
| 650 |
_aProceso. _97469 |
||
| 650 |
_aCultura. _9126 |
||
| 942 |
_2ddc _cLIBROS |
||
| 945 | _awfj | ||